000 00338nam a2200133Ia 4500
008 240624s9999 xx 000 0 und d
041 _aeng
082 _a920 IVE
100 _aIYENGAR UMA
245 _aOXFORD INDIA NEHRU
260 _c2007
_aNew Delhi
_bOxford University press
300 _axxiii, : 758 : p. : cm. ; 22
365 _cRS
_b30
999 _c7996
_d7996